Previous Club -- Tottenham Hotspur Players - Statistics

General Stats
  • This quiz has been taken 36 times
  • The average score is 16 of 27
Answer Stats
Hint Answer % Correct
Mathys Tel Bayern Munchen
100%
Randal Kolo Muani Paris Saint-Germain
100%
Joao Palhinha Bayern Munchen
97%
Dominic Solanke Bournemouth
97%
Xavi Simons RB Leipzig
97%
Richarlison Everton
94%
Mohammed Kudus West Ham United
94%
James Maddison Leicester City
90%
Dejan Kulusevski Juventus
81%
Rodrigo Bentancur Juventus
77%
Pedro Porro Sporting CP
74%
Micky van de Ven Vfl Wolfsburg
74%
Yves Bissouma Brighton & Hove Albion
65%
Christian Romero Atalanta
61%
Wilson Odobert Burnley
61%
Archie Gray Leeds United
58%
Destiny Udogie Udinese
52%
Kevin Danso RC Lens
48%
Guglielmo Vicario Empoli
39%
Radu Dragusin Genoa
39%
Pape Matar Sarr Metz
35%
Ben Davies Swansea City
32%
Dane Scarlett Oxford United
19%
Lucas Bergvall Djurgårdens IF
16%
Antonín Kinský SK Slavia Praha
16%
Djed Spence Genoa
13%
Kota Takai Kawasaki Frontale
6%
No matching quizzes found
Score Distribution
Percent of People with Each Score
Percentile by Number Answered
Your Score History
You have not taken this quiz